Scientifiques par lettre - C - Statistiques

Statistiques générales
  • Ce quiz a été pris 149 fois
  • Le résultat moyen est 6 sur 15
Statistiques - réponses
Indice Réponse % Correct
Première femme a avoir reçu le prix Nobel pour ses travaux sur la radioactivité Marie Curie
100%
Mari de la précédente Pierre Curie
100%
Inventeur d'une célèbre échelle de température Anders Celsius
88%
Fervent défenseur de l'héliocentrisme Nicolas Copernic
83%
L'unité de la charge électrique porte son nom Charles-Augustin Coulomb
61%
Commandant renommé et explorateur océanographique Jacques-Yves Cousteau
54%
Sa force affecte les corps dans un référentiel en rotation Gaspard-Gustave Coriolis
43%
Précurseur de la thermodynamique. Un homonyme a été président de la IIIème République Sadi Carnot
40%
On lui doit, en maths, des critères de convergence des suites et des séries entières et, en optique, des travaux sur la propagation des ondes électromagnétiques Augustin Louis Cauchy
26%
Mathématicien allemand créateur de la théorie des ensembles Georg Cantor
18%
Mathématicien italien auteur de nombreux travaux sur les suites et séries Ernesto Cesàro
10%
Il a découvert le neutron James Chadwick
6%
Il a découvert l'effet (qui porte son nom) qui permet de valider la notion de dualité onde-corpuscule de la lumière Arthur Compton
3%
Il est à l'origine du deuxième principe de la thermodynamique Rudolf Clausius
3%
Prix Nobel de chimie en 2005 pour le développement de la méthode de la métathèse en synthèse organique Yves Chauvin
3%
Aucun quiz correspondant
Distribution des résultats
% des personnes avec chaque résultat
Percentile par nombre de réponses
Votre historique - résultats
Vous n’avez pas pris ce quiz